000 00206nam a22000857a 4500
008 170327b xxu||||| |||| 00| 0 eng d
100 _93048
_aSawhney.P.
245 _aScience-VI
260 _aNew Delhi
_bG.B.P.
_c2010
999 _c6316
_d6316